000 00530nam a2200205Ia 4500
003 OSt
005 20221005133444.0
006 a|||||r|||| 00| 0
007 ta
008 221004b |||||||| |||| 00| 0 eng d
024 _a113245
037 _cTextual
040 _aCRL
_cCRL
_beng
041 _2eng
_aeng
100 _aEhrlish Eugene
_9642449
245 0 _aWriting & Researching Termpapers & Report
700 _a Murpy Daniel
_9642450
942 _cTEXL
_2cc
999 _c1066877
_d1066877